Statistics for Ghibli Movies Countries Visited Map

Click here to take the quiz!

General Stats

  • This quiz has been taken 548 times
  • The average score is 4 of 8

Answers on the Map

Answers color-coded by a green-red scale on the quiz's map according to % correct below.
 

Answer Stats

CluesCountries% Correct
My Neighbor TotoroJapan
99%
Howl's Moving CastleFrance
74%
The Wind RisesGermany
73%
Whisper of the HeartItaly
73%
Kiki's Delivery ServiceSweden
42%
Spirited AwayTaiwan
42%
Porco RossoCroatia
18%
The Red TurtleSeychelles
4%

Score Distribution

Percentile by Number Answered

Percent of People with Each Score

Your Score History

You have not taken this quiz